Alice's adventures in wonderland
Guardat en:
| Autor principal: | |
|---|---|
| Format: | Llibre |
| Idioma: | espanyol |
| Publicat: |
Nueva York
Modern Library
1900
|
| Matèries: | |
| Etiquetes: |
Afegir etiqueta
Sense etiquetes, Sigues el primer a etiquetar aquest registre!
|
MARC
| LEADER | 00000nam a2200000 a 4500 | ||
|---|---|---|---|
| 001 | UCR9962 | ||
| 003 | CL-VaPUC | ||
| 008 | 980619e19000000US |||||||||||||||||spa|d | ||
| 082 | 0 | 4 | |a 823 |b CAR |2 21 |
| 100 | 0 | |a Carroll, Lewis |e author |9 266788 | |
| 245 | 1 | 0 | |a Alice's adventures in wonderland |
| 246 | 1 | 0 | |a Through the looking-glass |
| 246 | 1 | 4 | |a The hunting of the snark |
| 300 | |a 351 p | ||
| 942 | |c BK | ||
| 945 | |d 19980619 00:00:00 |a crobeson | ||
| 260 | |a Nueva York |b Modern Library |c 1900 | ||
| 650 | 0 | |a Novelas inglesas |9 265220 | |
| 650 | 0 | |a Literatura inglesa |9 312907 | |
| 583 | |a last modification |c 19980619 00:00:00 |k Rodrigo Vera | ||
| 999 | |c 271133 |d 271131 | ||
| 952 | |0 0 |1 0 |4 0 |6 823_000000000000000_CAR_1900 |7 0 |8 A |9 305664 |a BIBEDU |b BIBEDU |d 2019-11-20 |i 1421662 |l 2 |m 1 |o 823 CAR 1900 |p 1421662 |r 2024-12-04 |s 2024-11-15 |w 2019-11-20 |y BK |k LIT | ||